| 000 | 00378nam a2200145Ia 4500 | ||
|---|---|---|---|
| 005 | 20260127123509.0 | ||
| 022 | _a2663-3562 | ||
| 050 | _aQA75 .5 .I58/ | ||
| 245 | 0 | _aInternational Journal of Engineering in Computer Science | |
| 250 | _aVol. 7, No. 1 | ||
| 260 |
_c2025 _aNigeria |
||
| 300 | _a66 p. :ill. ; 30 cm. | ||
| 650 | _aComputer science-eriodicals | ||
| 942 |
_cSR _2lcc |
||
| 999 |
_c44063 _d44063 |
||